000
00499nam a2200145Ia 4500
008
151213s9999 xx 000 0 und d
100
_a
মঈনুল হোসেন।
245
_a
গণতন্ত্রের সাফল্য চাহিয়াছি।
_c
মঈনুল হোসেন।
260
_a
ঢাকা
_b
সিটি।
_c
2009
300
_a
8650 p.
650
_a
Bangla
650
_a
ইতিহাস।
700
_a
মঈনুল হোসেন।
999
_c
4437
_d
4437